[Event "Mind Sports Games - Rapid Team KO"]
[Site "Pechino CINA"]
[Date "2008.10.17"]
[Round "1.2"]
[White "Shabalov, A."]
[Black "Korobov, A."]
[Result "1/2-1/2"]
[WhiteElo "2585"]
[BlackElo "2605"]
[PlyCount "72"]
[EventDate "2008.10.14"]
[Source "www.chesslib.no"]
[SourceDate "2004.05.04"]

1. e4 e5 2. Nf3 Nc6 3. Bb5 a6 4. Ba4 d6 5. c4 Bd7 6. Nc3 g6 7. d4 exd4 8. Nxd4 Bg7 9. Be3 Nge7 10. O-O O-O 11. h3 f5 12. Nde2 fxe4 13. Nxe4 Nf5 14. Bg5 Qe8 15. N2c3 h6 16. Bd2 Ncd4 17. Bxd7 Qxd7 18. Qg4 Qf7 19. b3 Rae8 20. Rae1 c6 21. Qd1 b5 22. Be3 b4 23. Bxd4 Bxd4 24. Na4 d5 25. cxd5 cxd5 26. Nec5 Kh7 27. Rxe8 Rxe8 28. Nxa6 Ng3 29. Nxb4 Ne2+ 30. Kh2 Bxf2 31. Nxd5 Qf5 32. Nf6+ Qxf6 33. Rxf2 Qe5+ 34. Kh1 Ng3+ 35. Kg1 Ne2+ 36. Kh1 Ng3+ 1/2-1/2

[Event "Petrov mem"]
[Site "St Petersburg"]
[Date "1996.??.??"]
[Round "5"]
[White "Sulskis, Sarunas"]
[Black "Giorgadze, Giorgi"]
[Result "1/2-1/2"]
[WhiteElo "2505"]
[BlackElo "2590"]
[PlyCount "88"]
[EventDate "1996.02.??"]
[Source "ChessBase"]

1. e4 e5 2. Nf3 Nc6 3. Bb5 a6 4. Ba4 d6 5. c4 Bg4 6. Nc3 Nf6 7. d3 Be7 8. h3 Bxf3 9. Qxf3 O-O 10. O-O Nd4 11. Qd1 c6 12. Ne2 Nxe2+ 13. Qxe2 Nd7 14. b4 a5 15. b5 Nc5 16. Qc2 cxb5 17. Bxb5 Bg5 18. Bb2 Ne6 19. Bc3 h5 20. Rab1 Bh6 21. Qd1 g6 22. Ba4 Nc5 23. Bc2 Bg7 24. Rb5 b6 25. Qe2 Rc8 26. Rfb1 Rc6 27. Qd1 Qc7 28. R5b2 Bh6 29. Ba4 Nxd3 30. Qxd3 Rxc4 31. Rc2 Rc8 32. Bb3 Rxc3 33. Rxc3 Qxc3 34. Qxd6 Kg7 35. Rd1 Rc6 36. Qd3 Qb2 37. h4 Rf6 38. Qc2 Qxc2 39. Bxc2 Rc6 40. Bb3 Rc1 41. Rxc1 Bxc1 42. a4 f6 43. g3 g5 44. Kg2 Kg6 1/2-1/2

[Event "Kstovo op"]
[Site "Kstovo"]
[Date "1994.??.??"]
[Round "6"]
[White "Brodsky, Michail"]
[Black "Yandemirov, Valeri"]
[Result "1/2-1/2"]
[WhiteElo "2545"]
[BlackElo "2535"]
[PlyCount "43"]
[EventDate "1994.08.??"]
[Source "ChessBase"]

1. e4 e5 2. Nf3 Nc6 3. Bb5 a6 4. Ba4 d6 5. c4 Bg4 6. h3 Bxf3 7. Qxf3 Nf6 8. d3 Nd7 9. Be3 Be7 10. O-O O-O 11. Nc3 Rb8 12. Nd5 Nc5 13. Bxc6 bxc6 14. Nxe7+ Qxe7 15. Qe2 Ne6 16. Rad1 c5 17. f4 exf4 18. Bxf4 Nxf4 19. Rxf4 Qe5 20. Rf2 a5 21. b3 f5 22. exf5 1/2-1/2

[Event "BL2-W9899"]
[Site "Germany"]
[Date "1999.04.18"]
[Round "9.3"]
[White "Van den Doel, Erik"]
[Black "Davies, Nigel R"]
[Result "1/2-1/2"]
[WhiteElo "2547"]
[BlackElo "2515"]
[PlyCount "83"]
[EventDate "1998.10.??"]
[Source "www.chesslib.no"]
[SourceDate "2004.05.04"]

1. e4 e5 2. Nf3 Nc6 3. Bb5 a6 4. Ba4 d6 5. c4 Bg4 6. Nc3 Nf6 7. h3 Bxf3 8. Qxf3 Nd7 9. Ne2 Be7 10. Bxc6 bxc6 11. d4 O-O 12. O-O Bf6 13. Be3 exd4 14. Bxd4 Ne5 15. Bxe5 Bxe5 16. Rab1 Re8 17. Qd3 c5 18. Kh1 g6 19. b3 Bg7 20. Nf4 Qh4 21. g3 Qd8 22. Rbd1 a5 23. a4 Qc8 24. Kh2 Qb7 25. Nd5 Rab8 26. Rb1 Re6 27. h4 Rbe8 28. f3 Qb8 29. Kg2 Qd8 30. Qd2 c6 31. Nf4 R6e7 32. Rfd1 Rd7 33. Qc2 Qe7 34. Qd2 Qd8 35. Qc2 Be5 36. Ne2 Bg7 37. Nf4 Bh6 38. Nd3 Be3 39. Re1 Bd4 40. Nf4 Be5 41. Nd3 Bd4 42. Nf4 1/2-1/2

[Event "Moscow RUS"]
[Site "?"]
[Date "2006.05.12"]
[Round "13"]
[White "Amonatov Farrukh"]
[Black "Novikov Maxim"]
[Result "1/2-1/2"]
[WhiteElo "2569"]
[BlackElo "2489"]
[PlyCount "27"]
[EventDate "2006.??.??"]
[Source "www.chesslib.no"]
[SourceDate "2004.05.04"]

1. e4 e5 2. Nf3 Nc6 3. Bb5 a6 4. Ba4 d6 5. c4 Bg4 6. d3 Be7 7. Be3 Nf6 8. Nbd2 O-O 9. h3 Bh5 10. g4 Bg6 11. Nf1 b5 12. cxb5 axb5 13. Bxb5 Nb4 14. Ng3 1/2-1/2

[Event "Finjub30 GM2"]
[Site "Finjub30 GM2"]
[Date "1992.??.??"]
[Round "?"]
[White "Mallee, Ralph"]
[Black "Zecha, Gerhard"]
[Result "1/2-1/2"]
[WhiteElo "2500"]
[BlackElo "2535"]
[PlyCount "45"]
[EventDate "1992.??.??"]
[Source "www.chesslib.no"]
[SourceDate "2004.05.04"]

1. e4 e5 2. Nf3 Nc6 3. Bb5 a6 4. Ba4 d6 5. c4 Bd7 6. Nc3 g6 7. d4 Bg7 8. Bg5 f6 9. Be3 Nh6 10. dxe5 dxe5 11. Bc5 Bf8 12. Bxf8 Rxf8 13. O-O Rf7 14. Qc1 Ng8 15. Rd1 Na7 16. c5 Qc8 17. Qc2 Kf8 18. Rd3 Bxa4 19. Qxa4 Qe8 20. Qxe8+ Kxe8 21. Rad1 Nc6 22. Nd5 Rd7 23. Nc3 1/2-1/2

[Event "Minsk"]
[Site "Minsk"]
[Date "1994.??.??"]
[Round "8"]
[White "Kupreichik, Viktor D"]
[Black "Yandemirov, Valeri"]
[Result "0-1"]
[WhiteElo "2515"]
[BlackElo "2510"]
[PlyCount "100"]
[EventDate "1994.02.??"]
[Source "ChessBase"]

1. e4 e5 2. Nf3 Nc6 3. Bb5 a6 4. Ba4 d6 5. c4 Bg4 6. h3 Bxf3 7. Qxf3 Nf6 8. d3 Nd7 9. Be3 Be7 10. Qg3 O-O 11. Nd2 Bf6 12. Bxc6 bxc6 13. c5 Qb8 14. cxd6 Qxb2 15. Rb1 Qc3 16. dxc7 Rfc8 17. Rb7 Qxd3 18. Qg4 c5 19. Qe2 Qd6 20. Nc4 Qc6 21. Na5 Qa4 22. Qd2 Nf8 23. O-O Ne6 24. Rc1 Rxc7 25. Rc4 Qxc4 26. Nxc4 Rxb7 27. Qd5 Rb1+ 28. Kh2 Rd8 29. Qc6 h5 30. Qxa6 Rdd1 31. Kg3 Nd4 32. Nd6 Ne2+ 33. Qxe2 Rxd6 34. Bxc5 Rc6 35. Be3 h4+ 36. Kf3 Rb8 37. Qd3 Ra8 38. a3 Rca6 39. Bc5 Bd8 40. Qb5 Ba5 41. Qb7 Bc3 42. Qd7 Bb2 43. Kg4 Rg6+ 44. Kxh4 Rxg2 45. Qb7 Re8 46. Qxb2 g5+ 47. Kh5 Kg7 48. Bf8+ Kxf8 49. Kh6 Kg8 50. h4 gxh4 0-1

[Event "Ch Bosnia & Herzegovina (team)"]
[Site "Vogosca (Bosnia & Herzegovina"]
[Date "2007.06.07"]
[Round "6"]
[White "Fercec Nenad (CRO)"]
[Black "Saric Ibro (BIH)"]
[Result "0-1"]
[WhiteElo "2501"]
[BlackElo "2507"]
[PlyCount "70"]
[EventDate "2007.??.??"]
[Source "www.chesslib.no"]
[SourceDate "2004.05.04"]

1. e4 e5 2. Nf3 Nc6 3. Bb5 a6 4. Ba4 d6 5. c4 Nf6 6. d4 Bd7 7. Nc3 exd4 8. Nxd4 Be7 9. Nf5 Bxf5 10. exf5 O-O 11. O-O Ne5 12. Qe2 c6 13. Bf4 b5 14. cxb5 axb5 15. Bb3 Ned7 16. Rfe1 Re8 17. Ne4 d5 18. Nxf6+ Bxf6 19. Qc2 Qb6 20. g3 Bd4 21. Kg2 Nf6 22. Rxe8+ Rxe8 23. a4 bxa4 24. Bxa4 Ra8 25. Rd1 c5 26. b3 Ne4 27. Re1 Nxf2 28. Re7 Ne4 29. Qe2 Qf6 30. Rb7 Qxf5 31. Qb5 g5 32. Rb8+ Rxb8 33. Qxb8+ Kg7 34. Bd6 Qf2+ 35. Kh3 Qf1+ 0-1

[Event "RUS-Cup3"]
[Site "Omsk"]
[Date "1996.??.??"]
[Round "4"]
[White "Varavin, Viktor"]
[Black "Yandemirov, Valeri"]
[Result "1/2-1/2"]
[WhiteElo "2520"]
[BlackElo "2465"]
[PlyCount "115"]
[EventDate "1996.12.13"]
[Source "ChessBase"]
[SourceDate "1997.04.10"]

1. e4 e5 2. Nf3 Nc6 3. Bb5 a6 4. Ba4 d6 5. c4 Bg4 6. h3 Bxf3 7. Qxf3 Nf6 8. Nc3 Nd7 9. Bxc6 bxc6 10. d3 Nc5 11. Ne2 Ne6 12. g3 Be7 13. h4 Qb8 14. O-O O-O 15. Qg4 Qc8 16. Kh2 Nc5 17. Qxc8 Raxc8 18. Rd1 f5 19. exf5 Rxf5 20. Be3 Ne6 21. d4 exd4 22. Nxd4 Nxd4 23. Bxd4 c5 24. Be3 Bf6 25. Rab1 Bd4 26. Bxd4 cxd4 27. Kg2 c5 28. b4 Rb8 29. bxc5 Rxb1 30. Rxb1 Rxc5 31. Rb6 Rxc4 32. Rxa6 d3 33. Rxd6 Ra4 34. Rxd3 Rxa2 35. h5 h6 36. Rd7 Ra5 37. g4 Ra3 38. f3 Ra4 39. Kf2 Rb4 40. Ke3 Ra4 41. Rd4 Ra8 42. Rd5 Ra4 43. f4 Rb4 44. Rd4 Rb8 45. Rd7 Rb4 46. Rd4 Rb8 47. Kf3 Ra8 48. Rd7 Ra4 49. g5 hxg5 50. fxg5 g6 51. h6 Kh8 52. Rf7 Ra5 53. Kf4 Rb5 54. Rf6 Kh7 55. Rf7+ Kh8 56. Rg7 Rf5+ 57. Kg4 Rxg5+ 58. Kxg5 1/2-1/2

[Event "Pavlograd"]
[Site "Pavlograd"]
[Date "2000.??.??"]
[Round "7"]
[White "Kupreichik, Viktor D"]
[Black "Yandemirov, Valeri"]
[Result "1/2-1/2"]
[WhiteElo "2472"]
[BlackElo "2505"]
[PlyCount "72"]
[EventDate "2000.09.11"]
[Source "ChessBase"]
[SourceDate "2000.11.10"]

1. e4 e5 2. Nf3 Nc6 3. Bb5 a6 4. Ba4 d6 5. c4 Bg4 6. d3 Nf6 7. Be3 Be7 8. Nbd2 O-O 9. h3 Bxf3 10. Nxf3 Nd7 11. O-O Qb8 12. Qd2 Bf6 13. b4 b5 14. Bb3 a5 15. cxb5 Qxb5 16. Rfc1 axb4 17. Bc4 Qa4 18. Bb3 Qb5 19. Bc4 Qa4 20. Bd5 Ra6 21. Bb3 Qa3 22. Bd5 Ra5 23. Bxf7+ Rxf7 24. Rxc6 Nc5 25. Rc1 Nxd3 26. Rxc7 Nxc1 27. Rc8+ Rf8 28. Qxd6 Ne2+ 29. Kh2 Rxc8 30. Qe6+ Kf8 31. Qxc8+ Kf7 32. Qc4+ Ke8 33. Qc8+ Kf7 34. Qc4+ Ke8 35. Qe6+ Kf8 36. Qc8+ Kf7 1/2-1/2

[Event "Santos Lugares"]
[Site "Santos Lugares"]
[Date "1977.??.??"]
[Round "5"]
[White "Schweber, Samuel"]
[Black "Sanguinetti, Raul"]
[Result "1/2-1/2"]
[WhiteElo "2445"]
[BlackElo "2520"]
[PlyCount "58"]
[EventDate "1977.??.??"]
[Source "ChessBase"]

1. e4 e5 2. Nf3 Nc6 3. Bb5 a6 4. Ba4 d6 5. c4 Bg4 6. h3 Bxf3 7. Qxf3 Nf6 8. O-O Nd7 9. Bxc6 bxc6 10. Nc3 g6 11. Na4 c5 12. Rb1 a5 13. d3 Bg7 14. Nc3 O-O 15. a3 Nb8 16. Bd2 Nc6 17. Ne2 Qd7 18. b4 axb4 19. axb4 cxb4 20. Bxb4 f5 21. Bc3 f4 22. Ra1 Rae8 23. Bd2 Nd8 24. Ra8 Ne6 25. Rxe8 Qxe8 26. g3 Ng5 27. Qg4 h5 28. Qxg5 Bf6 29. Qh6 Bg7 1/2-1/2

[Event "Santa Clara"]
[Site "Santa Clara"]
[Date "1996.??.??"]
[Round "2"]
[White "Pupo, Emilio"]
[Black "Arencibia, Walter"]
[Result "0-1"]
[WhiteElo "2435"]
[BlackElo "2515"]
[PlyCount "72"]
[EventDate "1996.??.??"]
[Source "www.chesslib.no"]
[SourceDate "2004.05.04"]

1. e4 e5 2. Nf3 Nc6 3. Bb5 a6 4. Ba4 d6 5. c4 Bg4 6. d3 Nf6 7. h3 Bxf3 8. Qxf3 Nd7 9. Bxc6 bxc6 10. Be3 c5 11. Qg3 g6 12. Nc3 Bg7 13. h4 h5 14. O-O-O c6 15. f3 Rb8 16. Qf2 Nf8 17. Qd2 Ne6 18. Kb1 f5 19. g4 hxg4 20. fxg4 f4 21. Bf2 Rb7 22. g5 Kf7 23. Rdg1 Nd4 24. Bxd4 cxd4 25. Nd1 c5 26. Qe2 Rh5 27. Nf2 a5 28. Rg4 a4 29. Nh3 Qa5 30. Rf1 Rh8 31. Nxf4 exf4 32. Rgxf4+ Kg8 33. Qf2 Kh7 34. h5 Rhb8 35. hxg6+ Kg8 36. b3 Qc3 0-1

[Event "Krk Tch"]
[Site "Krk Tch"]
[Date "1976.??.??"]
[Round "?"]
[White "Damjanovic, Mato"]
[Black "Ivkov, Borislav"]
[Result "1/2-1/2"]
[WhiteElo "2425"]
[BlackElo "2520"]
[PlyCount "96"]
[EventDate "1976.??.??"]
[Source "www.chesslib.no"]
[SourceDate "2004.05.04"]

1. e4 e5 2. Nf3 Nc6 3. Bb5 a6 4. Ba4 d6 5. c4 Bg4 6. d3 Nf6 7. Be3 Be7 8. Nbd2 Bd7 9. a3 Ng4 10. Nf1 Nxe3 11. Nxe3 O-O 12. O-O g6 13. c5 dxc5 14. Bxc6 Bxc6 15. Nxe5 Be8 16. Qb3 Bf6 17. f4 Qd4 18. Rae1 Bb5 19. N5g4 Bg7 20. f5 h5 21. fxg6 hxg4 22. gxf7+ Kh7 23. Rf5 Bh6 24. Rh5 Bd7 25. Kh1 c4 26. Qd1 Rxf7 27. Qc1 Qg7 28. Nxc4 Raf8 29. Ne5 Kg8 30. Qc4 Bb5 31. Qb3 Ba4 32. Qa2 Bf4 33. Nxf7 Qxf7 34. Qxf7+ Rxf7 35. Rh4 Bd7 36. Rf1 Kg7 37. h3 Bg5 38. Rxf7+ Kxf7 39. Rh7+ Ke8 40. hxg4 c5 41. b3 b5 42. Rg7 Bc1 43. Rg6 Bxa3 44. Rxa6 Bc1 45. Kh2 Bxg4 46. Kg3 Bd7 47. Kf3 Ke7 48. Ra7 b4 1/2-1/2

[Event "FRA-ch"]
[Site "France"]
[Date "1996.??.??"]
[Round "8"]
[White "Koch, Jean Rene"]
[Black "Anic, Darko"]
[Result "1/2-1/2"]
[WhiteElo "2490"]
[BlackElo "2455"]
[PlyCount "169"]
[EventDate "1996.??.??"]
[Source "ChessBase"]

1. e4 e5 2. Nf3 Nc6 3. Bb5 a6 4. Ba4 d6 5. c4 Bd7 6. Nc3 g6 7. d4 exd4 8. Nxd4 Bg7 9. Be3 Nf6 10. f3 O-O 11. O-O Nxd4 12. Bxd4 Bxa4 13. Nxa4 b5 14. cxb5 axb5 15. Nc3 c5 16. Be3 b4 17. Na4 Nd7 18. a3 bxa3 19. Rxa3 Ne5 20. Qd5 Ra6 21. Rfa1 Qc7 22. Nc3 Rxa3 23. Rxa3 Rb8 24. Ra8 Qc8 25. Rxb8 Qxb8 26. Nd1 h5 27. Bd2 Qb5 28. Bc3 Qe2 29. Qd2 Nxf3+ 30. gxf3 Bd4+ 31. Nf2 Bxf2+ 32. Kg2 Qxd2 33. Bxd2 Bd4 34. b3 Kf8 35. Kf1 Ke7 36. Ke2 Kd7 37. Kd3 Kc6 38. Kc4 Be5 39. h3 Bg3 40. Be3 Bh4 41. b4 cxb4 42. Kxb4 Kd7 43. Kc4 Ke6 44. Bf4 Bf6 45. Kd3 Be5 46. Bd2 f5 47. Ke2 Bf6 48. Bf4 fxe4 49. fxe4 g5 50. Bd2 g4 51. hxg4 hxg4 52. Bf4 Be5 53. Bd2 Kd7 54. Be3 Kc6 55. Ba7 Kb5 56. Ke3 Kc4 57. Bb6 Kc3 58. Ba7 Kc2 59. Ke2 Bf4 60. Bb6 Kc3 61. Ba7 Kc4 62. Bb6 Bc1 63. Bc7 Bf4 64. Bb6 Kb5 65. Ba7 Kc6 66. Bd4 Bg5 67. Kf2 Bh4+ 68. Ke3 Bg3 69. Ke2 Kb5 70. Ba7 Be5 71. Kd3 Bb2 72. Bf2 Kc6 73. Ke3 Be5 74. Ke2 Kd7 75. Be3 Ke6 76. Bd2 Bd4 77. Bf4 Kd7 78. Kf1 Be5 79. Bxe5 dxe5 80. Kg2 Kd6 81. Kg3 Kc5 82. Kxg4 Kc4 83. Kf3 Kd3 84. Kf2 Kxe4 85. Ke2 1/2-1/2

[Event "Zhukov mem"]
[Site "Tula"]
[Date "2000.??.??"]
[Round "?"]
[White "Smetankin, Stanislav"]
[Black "Kharitonov, Andrei Y"]
[Result "1/2-1/2"]
[WhiteElo "2401"]
[BlackElo "2538"]
[PlyCount "48"]
[EventDate "2000.??.??"]
[Source "www.chesslib.no"]
[SourceDate "2004.05.04"]

1. e4 e5 2. Nf3 Nc6 3. Bb5 a6 4. Ba4 d6 5. c4 Bg4 6. Nc3 Nf6 7. d3 Nd7 8. Be3 Be7 9. h3 Bxf3 10. Qxf3 O-O 11. Bxc6 bxc6 12. O-O Rb8 13. Qe2 Re8 14. g3 Nf8 15. f4 exf4 16. gxf4 f5 17. Rae1 Bh4 18. Bf2 Ng6 19. Qd2 Rf8 20. b3 fxe4 21. Rxe4 Bf6 22. Ne2 Qd7 23. Kh2 Rbe8 24. Ng3 d5 1/2-1/2

[Event "Saint Petersburg 84/274"]
[Site "?"]
[Date "2001.??.??"]
[Round "?"]
[White "Kupreichik, V."]
[Black "Yandemirov, V."]
[Result "0-1"]
[WhiteElo "2453"]
[BlackElo "2486"]
[PlyCount "92"]
[EventDate "2001.??.??"]
[Source "Chess Informant"]
[SourceDate "2002.02.01"]

1. e4 e5 2. Nf3 Nc6 3. Bb5 a6 4. Ba4 d6 5. c4 Bg4 6. d3 Be7 7. Be3 Bxf3 8. Qxf3 Bg5 9. d4 Bxe3 10. fxe3 Qh4+ 11. Kd1 exd4 12. exd4 b5 13. cxb5 Nxd4 14. b6+ Kf8 15. Qe3 Qh5+ 16. g4 Qxg4+ 17. Kc1 c5 18. Nc3 Nf6 19. e5 Nd5 20. Nxd5 Qg2 21. Re1 Qxd5 22. exd6 Qc4+ 23. Kb1 Qxa4 24. Qe7+ Kg8 25. b3 Qb5 26. Kb2 h5 27. d7 Qxb6 28. Re5 Qf6 29. Qe8+ Kh7 30. Rxh5+ Kg6 31. Rxh8 Qf2+ 32. Ka3 Nc2+ 33. Kb2 Nb4+ 34. Ka3 Nc2+ 35. Kb2 Nd4+ 36. Ka3 Nb5+ 37. Ka4 Qd4+ 38. Ka5 Qb4+ 39. Kb6 Nd6+ 40. Kc6 Nxe8 41. Rg1+ Kf6 42. Rf1+ Kg6 43. Rg1+ Kf6 44. Rf1+ Kg5 45. Rg1+ Kf5 46. Rf1+ Kg4 0-1

[Event "URU-ch"]
[Site "Montevideo"]
[Date "2002.05.12"]
[Round "7"]
[White "Giaccio, Alfredo Gustavo"]
[Black "Roselli Mailhe, Bernardo"]
[Result "1-0"]
[WhiteElo "2517"]
[BlackElo "2419"]
[PlyCount "77"]
[EventDate "2002.05.06"]
[Source "ChessBase"]
[SourceDate "2002.07.08"]

1. e4 e5 2. Nf3 Nc6 3. Bb5 a6 4. Ba4 d6 5. c4 Bg4 6. h3 Bxf3 7. Qxf3 Nf6 8. Nc3 Be7 9. Nd5 Nd7 10. Qg4 O-O 11. d4 f5 12. exf5 b5 13. Bb3 Nxd4 14. Be3 c6 15. Nxe7+ Qxe7 16. O-O Nxb3 17. axb3 d5 18. cxd5 cxd5 19. Rfc1 Qd6 20. Bd2 d4 21. Qf3 Rac8 22. g4 Rfe8 23. Bb4 Nc5 24. Bxc5 Rxc5 25. Rxc5 Qxc5 26. Rxa6 e4 27. Qf4 e3 28. Re6 Rd8 29. f6 d3 30. f7+ Kf8 31. Rxe3 Qd5 32. Qc7 Rd7 33. Qc8+ Kxf7 34. Qe8+ Kf6 35. f4 h6 36. h4 g5 37. h5 Rf7 38. Qh8+ Rg7 39. Qf8+ 1-0

[Event "Volgograd"]
[Site "Volgograd"]
[Date "1994.??.??"]
[Round "1"]
[White "Ayapbergenov, A."]
[Black "Yandemirov, Valeri"]
[Result "0-1"]
[WhiteElo "2420"]
[BlackElo "2510"]
[PlyCount "46"]
[EventDate "1994.??.??"]
[Source "ChessBase"]

1. e4 e5 2. Nf3 Nc6 3. Bb5 a6 4. Ba4 d6 5. c4 Bg4 6. Nc3 Nf6 7. d4 exd4 8. Bxc6+ bxc6 9. Qxd4 Nd7 10. Nd2 Qh4 11. O-O Be7 12. f4 O-O 13. Kh1 Bf6 14. Qe3 Rfe8 15. Ne2 Bxe2 16. Qxe2 Nc5 17. Qf3 Re6 18. e5 dxe5 19. fxe5 Rxe5 20. Qxc6 Rc8 21. Nf3 Qxc4 22. Rd1 Re6 23. Qd5 Re1+ 0-1

[Event "ISR-chT"]
[Site "Israel"]
[Date "1997.??.??"]
[Round "3"]
[White "Tsesarsky, Ilya"]
[Black "Zilberman, Yaacov"]
[Result "1/2-1/2"]
[WhiteElo "2390"]
[BlackElo "2535"]
[PlyCount "21"]
[EventDate "1997.??.??"]
[Source "ChessBase"]
[SourceDate "1997.07.29"]

1. e4 e5 2. Nf3 Nc6 3. Bb5 a6 4. Ba4 d6 5. c4 Bg4 6. h3 Bxf3 7. Qxf3 Nf6 8. Nc3 Nd7 9. Bxc6 bxc6 10. O-O g6 11. d3 1/2-1/2

[Event "EU-ch Seniors"]
[Site "Saint Vincent"]
[Date "2002.10.04"]
[Round "7"]
[White "Murey, Jacob"]
[Black "Klovans, Janis"]
[Result "1/2-1/2"]
[WhiteElo "2496"]
[BlackElo "2425"]
[PlyCount "55"]
[EventDate "2002.09.28"]
[Source "ChessBase"]
[SourceDate "2002.11.06"]

1. e4 e5 2. Nf3 Nc6 3. Bb5 a6 4. Ba4 d6 5. c4 Bd7 6. d4 Nxd4 7. Bxd7+ Qxd7 8. Nxd4 exd4 9. Qxd4 Ne7 10. O-O Nc6 11. Qd2 Be7 12. Nc3 O-O 13. Nd5 Rae8 14. b3 Bd8 15. f3 f5 16. exf5 Qxf5 17. Bb2 Ne5 18. Rad1 Qg6 19. Kh1 Nd7 20. Rfe1 Nc5 21. Bd4 Ne6 22. Be3 Rf5 23. Nf4 Nxf4 24. Bxf4 Rff8 25. g3 Qf7 26. Rxe8 Rxe8 27. Kg2 Qe6 28. Qf2 1/2-1/2

[Event "Groningen op"]
[Site "Groningen"]
[Date "1993.??.??"]
[Round "7"]
[White "Zagrebelny, Sergey"]
[Black "Adler, Viktor"]
[Result "1-0"]
[WhiteElo "2535"]
[BlackElo "2385"]
[PlyCount "64"]
[EventDate "1993.12.??"]
[Source "ChessBase"]

1. e4 e5 2. Nf3 Nc6 3. Bb5 a6 4. Ba4 d6 5. c4 Bd7 6. Nc3 g6 7. d4 Bg7 8. Bg5 f6 9. Be3 Nh6 10. dxe5 Nxe5 11. Nxe5 fxe5 12. c5 Nf7 13. cxd6 Nxd6 14. Bb3 Bc6 15. Qg4 Qc8 16. Qh4 Qd8 17. Bg5 Qd7 18. O-O h6 19. Be3 g5 20. Qh5+ Kd8 21. Rfd1 Rf8 22. Rac1 a5 23. a4 Qe8 24. Qe2 Qg6 25. Nb5 Qxe4 26. f3 Qb4 27. Qc2 Rf6 28. Bc5 Qf4 29. Nxd6 cxd6 30. Bxd6 Ke8 31. Bxe5 Qxe5 32. Re1 Re6 1-0

[Event "Ch Baltik Republics"]
[Site "Kuldiga"]
[Date "1987.??.??"]
[Round "?"]
[White "Smirin, Ilia"]
[Black "Klovans, Janis"]
[Result "1-0"]
[WhiteElo "2480"]
[BlackElo "2420"]
[PlyCount "59"]
[EventDate "1987.??.??"]
[Source "www.chesslib.no"]
[SourceDate "2004.05.04"]

1. e4 e5 2. Nf3 Nc6 3. Bb5 a6 4. Ba4 d6 5. c4 Nf6 6. Nc3 Bd7 7. d4 exd4 8. Nxd4 Be7 9. Nxc6 bxc6 10. O-O O-O 11. h3 Re8 12. Qf3 c5 13. Bc2 Bc6 14. Bd2 Nd7 15. Nd5 Bf6 16. Bc3 Bxc3 17. Qxc3 Nf8 18. Rfe1 Ne6 19. b4 a5 20. bxc5 Nxc5 21. Rad1 Qb8 22. Rb1 Qa7 23. e5 Rad8 24. Nf6+ gxf6 25. Qg3+ Kf8 26. exf6 Re5 27. Rxe5 dxe5 28. Qg7+ Ke8 29. Qg8+ Kd7 30. Bf5+ 1-0

[Event "YUG-ch"]
[Site "?"]
[Date "1978.02.07"]
[Round "15"]
[White "Ivanovic Bozidar"]
[Black "Mestrovic Zvonimir"]
[Result "1/2-1/2"]
[WhiteElo "2460"]
[BlackElo "2435"]
[PlyCount "84"]
[EventDate "1978.??.??"]
[Source "www.chesslib.no"]
[SourceDate "2004.05.04"]

1. e4 e5 2. Nf3 Nc6 3. Bb5 a6 4. Ba4 d6 5. c4 Bg4 6. Nc3 Be7 7. h3 Bxf3 8. Qxf3 Nf6 9. O-O O-O 10. Bxc6 bxc6 11. d3 Nd7 12. Qd1 Bg5 13. d4 exd4 14. Bxg5 Qxg5 15. Qxd4 Qc5 16. Rad1 Qxd4 17. Rxd4 Rab8 18. b3 Rfc8 19. f3 Nc5 20. Rb1 a5 21. Rdd1 f6 22. Kf2 Rb6 23. g4 Rcb8 24. h4 Rb4 25. Ke1 R8b6 26. Kd2 a4 27. bxa4 Rxc4 28. a5 Ra6 29. Rb8+ Kf7 30. Rc8 Ne6 31. f4 Nxf4 32. Rxc7+ Ke6 33. Rxg7 Rxa5 34. Rf1 Ra3 35. Rf3 Rd4+ 36. Kc2 Rxe4 37. Kb2 Rxc3 38. Rxc3 c5 39. Rxh7 c4 40. Rg7 Nd3+ 41. Rxd3 cxd3 42. Kc3 Ra4 1/2-1/2

[Event "Kavala op 11th"]
[Site "Kavala"]
[Date "2002.08.16"]
[Round "8"]
[White "De Vreugt, Dennis"]
[Black "Khamatgaleev, Alexej"]
[Result "1/2-1/2"]
[WhiteElo "2477"]
[BlackElo "2416"]
[PlyCount "96"]
[EventDate "2002.08.10"]
[Source "ChessBase"]
[SourceDate "2002.09.11"]

1. e4 e5 2. Nf3 Nc6 3. Bb5 a6 4. Ba4 d6 5. c4 Bg4 6. h3 Bxf3 7. Qxf3 Nf6 8. Nc3 Be7 9. Ne2 O-O 10. O-O Nd7 11. a3 Bf6 12. b4 a5 13. b5 Ncb8 14. Rb1 Nc5 15. Bc2 Ne6 16. g3 Nd7 17. d3 Ndc5 18. Qg2 g6 19. Be3 Bg7 20. f4 b6 21. f5 Nd4 22. Nc3 Bf6 23. Nd5 Bg5 24. Bxg5 Qxg5 25. h4 Qd8 26. f6 Qd7 27. Kh2 Kh8 28. Qd2 Rae8 29. Bd1 Rg8 30. Qe3 Rb8 31. Ne7 Rbe8 32. Nxg8 Rxg8 33. Rb2 Qe6 34. Kg1 Nd7 35. Qg5 Nc5 36. Bg4 Qe8 37. Qe3 Qf8 38. Rh2 h6 39. Be2 Kh7 40. Rg2 Rh8 41. Bg4 Rg8 42. Bh3 Qd8 43. Rgf2 Qe8 44. Kh2 Qd8 45. Bg2 Qe8 46. Bf3 Rh8 47. Bd1 Qd8 48. g4 Kg8 1/2-1/2

[Event "WchT U26 17th"]
[Site "Graz"]
[Date "1972.??.??"]
[Round "8"]
[White "Barreras, Alberto"]
[Black "Atanasov, Petko"]
[Result "1/2-1/2"]
[WhiteElo "2440"]
[BlackElo "2450"]
[PlyCount "95"]
[EventDate "1972.07.15"]
[Source "ChessBase"]

1. e4 e5 2. Nf3 Nc6 3. Bb5 a6 4. Ba4 d6 5. c4 Nf6 6. Nc3 Be7 7. d4 exd4 8. Nxd4 Bd7 9. O-O O-O 10. Re1 Re8 11. h3 Ne5 12. Bxd7 Nfxd7 13. b3 Nc5 14. Nd5 Bf6 15. Nxf6+ Qxf6 16. Re3 Nc6 17. Bb2 Rxe4 18. Rxe4 Nxe4 19. Qe2 Qg6 20. Re1 Nxd4 21. Bxd4 f5 22. f3 Ng5 23. Kf1 h6 24. h4 Nh7 25. Qe7 Qf7 26. c5 dxc5 27. Qxc5 b6 28. Qc6 Rd8 29. Be5 Rd7 30. Rc1 Nf8 31. Bxc7 Rd2 32. Qc4 b5 33. Qxf7+ Kxf7 34. a4 Ne6 35. axb5 axb5 36. Ba5 Rb2 37. b4 g5 38. hxg5 hxg5 39. Rd1 Nf4 40. g4 Rb3 41. gxf5 Rxf3+ 42. Kg1 Kf6 43. Rd6+ Kxf5 44. Rb6 Kg4 45. Rxb5 Kh3 46. Re5 g4 47. Bb6 g3 48. Re3 1/2-1/2

[Event "Marshall op"]
[Site "New York"]
[Date "1979.??.??"]
[Round "8"]
[White "Rohde, Michael A"]
[Black "Biyiasas, Peter"]
[Result "1/2-1/2"]
[WhiteElo "2405"]
[BlackElo "2485"]
[PlyCount "104"]
[EventDate "1979.03.??"]
[Source "ChessBase"]

1. e4 e5 2. Nf3 Nc6 3. Bb5 a6 4. Ba4 d6 5. c4 Bg4 6. d3 Nf6 7. Be3 Be7 8. Nbd2 O-O 9. h3 Be6 10. O-O Nd7 11. Rc1 Nb4 12. Qb3 c5 13. a3 Nc6 14. Bxc6 bxc6 15. Ne1 f5 16. exf5 Rxf5 17. Qa4 Qc7 18. b4 cxb4 19. axb4 Qb7 20. Nb3 Rc8 21. Nc2 d5 22. Na5 Qc7 23. Bd2 d4 24. Rce1 Nf8 25. f4 Bh4 26. Rxe5 Rxe5 27. fxe5 Qxe5 28. Bf4 Qe2 29. Nxd4 Qxd3 30. Nxe6 Nxe6 31. Bh2 Nd4 32. Qd1 Ne2+ 33. Kh1 Ng3+ 34. Bxg3 Qxd1 35. Rxd1 Bxg3 36. Kg1 h5 37. Kf1 c5 38. b5 Rf8+ 39. Ke2 Rf2+ 40. Kd3 axb5 41. cxb5 Rxg2 42. b6 Rb2 43. Nc4 Rb4 44. Rf1 g6 45. Rf6 Kg7 46. Rc6 Kh6 47. Rxc5 Bf2 48. Rc6 Bxb6 49. Nxb6 Rh4 50. Nd5 Rxh3+ 51. Ke4 Rg3 52. Ne7 Rg1 1/2-1/2

[Event "Parcetic Memorial 5th"]
[Site "Sombor"]
[Date "1972.??.??"]
[Round "8"]
[White "Ermenkov, Evgenij P"]
[Black "Rukavina, Josip"]
[Result "1/2-1/2"]
[WhiteElo "2410"]
[BlackElo "2480"]
[PlyCount "81"]
[EventDate "1972.11.25"]
[Source "www.chesslib.no"]
[SourceDate "2004.05.04"]

1. e4 e5 2. Nf3 Nc6 3. Bb5 a6 4. Ba4 d6 5. c4 Bd7 6. d4 exd4 7. Nxd4 Nf6 8. Nc3 Be7 9. O-O O-O 10. Bxc6 bxc6 11. Qf3 c5 12. Nf5 Bxf5 13. exf5 Nd7 14. Bf4 Bf6 15. Rad1 Bxc3 16. Qxc3 Qf6 17. Qxf6 Nxf6 18. Bd2 Rfb8 19. Rb1 a5 20. Rfe1 Kf8 21. Bc3 Re8 22. f3 Rxe1+ 23. Rxe1 Nd7 24. a4 f6 25. b3 Ne5 26. Bxe5 fxe5 27. Kf2 Rb8 28. Re3 Kf7 29. g4 Kf6 30. Kg3 h5 31. h4 Re8 32. Rd3 Rd8 33. Re3 Rb8 34. Rd3 Rf8 35. Rd2 Rd8 36. Re2 Re8 37. Rd2 Re7 38. Rd5 Re8 39. Rd2 Rf8 40. Re2 Re8 41. Rd2 1/2-1/2